000 00603cam a2200145 4500500
005 20251012013736.0
041 _afre
042 _adc
100 1 0 _aSkoric, Arthur
_eauthor
245 0 0 _aMaryvonne de Saint Pulgent, Les musiciens et le pouvoir en France. De Lully à Boulez. Gallimard, “Bibliothèque illustrée des Histoires”, 2025, 544 pages, 86 illustrations, €35
260 _c2025.
500 _a33
786 0 _nÉtudes | Juillet-Août | 7-8 | 2025-07-01 | p. 126-126 | 0014-1941
856 4 1 _uhttps://shs.cairn.info/journal-etudes-2025-7-8-page-126?lang=en&redirect-ssocas=7080
999 _c1530029
_d1530029